| 000 | 00561nam a2200181Ia 4500 | ||
|---|---|---|---|
| 999 |
_c1870 _d1870 |
||
| 003 | OSt | ||
| 005 | 20200924121113.0 | ||
| 008 | 190216s9999||||xx |||||||||||||| ||und|| | ||
| 020 | _a9788188237456 | ||
| 040 | _coclc | ||
| 082 |
_a581 _bSAM/T |
||
| 100 |
_aSambamurty, A V S S _94831 |
||
| 245 | 0 |
_aA Textbook Of Bryophytes,Pteridophytes,Gymnosperms And Paleobotany / _cA V S S Sambamurty |
|
| 260 |
_bI.K.International Pubhlishing, _c2011. _aNew Delhi: |
||
| 300 | _a573p | ||
| 650 | _aBotany | ||
| 942 |
_cBK _2ddc _h581 _iSAM/T _k581 _mSAM/T |
||